[Event "CRI-ch qual"]
[Site "San Jose"]
[Date "2005.06.21"]
[Round "7"]
[White "Ramirez Quesada, Franklin"]
[Black "Gonzalez Acosta, Jaime Roy"]
[Result "0-1"]
[WhiteElo "2000"]
[BlackElo "2099"]
[PlyCount "106"]
[EventDate "2005.06.??"]
[EventType "swiss"]
[EventRounds "9"]
[EventCountry "CRI"]
[SourceTitle "EXT 2006"]
[Source "ChessBase"]
[SourceDate "2005.11.24"]
[SourceVersion "1"]
[SourceVersionDate "2005.11.24"]
[SourceQuality "1"]

1. e4 c5 2. Nf3 Nc6 3. g3 g6 4. Bg2 Bg7 5. c4 d6 6. Nc3 e5 7. d3 Nge7 8. Nd5 0-0 9. 0-0 Bg4 10. Be3 Nxd5 11. cxd5 Nd4 12. Bxd4 cxd4 13. Qb3 Qd7 14. Kh1 Bh6 15. Ng1 Qe7 16. f4 f6 17. Rac1 Rac8 18. Rxc8 Bxc8 19. h3 b6 20. Ne2 Kh8 21. Kh2 f5 22. Qb4 Bg7 23. Rc1 fxe4 24. Bxe4 Qd7 25. Bg2 Ba6 26. Qa3 Bb5 27. Qb3 h5 28. h4 Qg4 29. Qc2 Bd7 30. Qd1 Bh6 31. Qf1 exf4 32. Nxf4 Bxf4 33. gxf4 Qxh4+ 34. Kg1 Rxf4 35. Qe2 Qf6 36. Rc7 Qd8 37. Qd2 g5 38. Rxa7 Qe8 39. Be4 Rg4+ 40. Kh1 Rh4+ 41. Kg1 Rg4+ 42. Kh1 Rxe4 43. dxe4 Qxe4+ 44. Qg2 Qe1+ 45. Qg1 Qh4+ 46. Qh2 Qe4+ 47. Qg2 Bf5 48. Ra6 Qe1+ 49. Kh2 Qh4+ 50. Kg1 Be4 51. Ra8+ Kh7 52. Ra7+ Kg6 53. Qe2 Qg3+ 0-1

[Event "CRI-ch qual"]
[Site "San Jose"]
[Date "2005.06.20"]
[Round "6"]
[White "Yancari Solano, Ernesto"]
[Black "Ramirez Quesada, Franklin"]
[Result "1/2-1/2"]
[WhiteElo "2031"]
[BlackElo "2000"]
[PlyCount "36"]
[EventDate "2005.06.??"]
[EventType "swiss"]
[EventRounds "9"]
[EventCountry "CRI"]
[SourceTitle "EXT 2006"]
[Source "ChessBase"]
[SourceDate "2005.11.24"]
[SourceVersion "1"]
[SourceVersionDate "2005.11.24"]
[SourceQuality "1"]

1. d4 d5 2. e3 Nf6 3. c4 e6 4. Nc3 Nbd7 5. Nf3 Bb4 6. Bd3 dxc4 7. Bxc4 0-0 8. 0-0 c5 9. Qc2 cxd4 10. exd4 Qc7 11. Bd3 b6 12. Ng5 h6 13. Nge4 Bb7 14. Nxf6+ Nxf6 15. f4 Rac8 16. Bd2 Qd7 17. Be3 Nd5 18. Bd2 Nf6 1/2-1/2